00266nam a22001217a 4500020001500000082001000015100001700025245003600042250000800078260003500086300000900121650001400130 a0534013643 a512.5 aAgnew,Jeanne aLinear Algebra with Application a2nd aCalifoniyabBrooks/cole c1983 a361p aChemistry